| 000 | 00773nam a2200265 4500 | ||
|---|---|---|---|
| 999 |
_c7595 _d7595 |
||
| 001 | 8235 | ||
| 003 | OSt | ||
| 005 | 20190213173947.0 | ||
| 008 | 690528c19691967miu b 000 0 eng | ||
| 010 | _a75003986 | ||
| 020 | _a0340027428 | ||
| 040 | _cDLC | ||
| 082 |
_a269.2 _bS888O |
||
| 090 |
_aBV3790 _b.S884 |
||
| 100 | 1 | _aStott, John R. W | |
| 245 | 1 | 0 |
_aOur guilty silence / _c[by] John R.W. Stott |
| 250 | _a[1st U.S.A. ed.] | ||
| 260 |
_aGrand Rapids : _bEerdmans, _c[1969, c1967] |
||
| 300 |
_a119 p. ; _c18 cm |
||
| 500 | _aCover title: Our guilty silence: the Church, the gospel and the world | ||
| 504 | _aBibliographical footnotes | ||
| 650 | 0 | _aEvangelistic work | |
| 740 | 0 | 1 | _aOur guilty silence [the Church, the gospel and the world] |
| 942 |
_2ddc _cBK |
||